Karate: manual completo de katas (Registro nro. 3713)

Detalles MARC
000 -Cabecera
Campo de control de longitud fija 00551aam a2200229 4500
005 - Fecha y hora de la última transacción
Campo de control 20260410164159.0
008 - Elementos de longitud fija--Información general
Campo de control de longitud fija 150306b2011 xxu||||| |||| 00| 0 spa d
020 ## - International Standard Book Number
Número Internacional Estándar del Libro (ISBN) 9088479028749
041 ## - Idioma
Código de idioma Español
082 ## - Clasificación Decimal Dewey
Número de clasificación 796.815.3 K16k
100 ## - Entrada principal--Autor personal
Nombre personal Kanazawa, Hirokazu
9 (RLIN) 14836
245 ## - Título propiamente dicho
Título Karate: manual completo de katas
260 ## - Pie de imprenta
Lugar de publicación, distribución, etc. España
260 ## - Pie de imprenta
Nombre del editor, distribuidor, etc. Tutor
260 ## - Pie de imprenta
Fecha de publicación, distribución, etc. 2011
300 ## - Descripción física
Extensión 240 páginas
490 ## - Serie
Título de la Serie Temática General
650 ## - Materia general
Temática (materia general) KARATE
650 ## - Materia general
Temática (materia general) ARTES MARCIALES
650 ## - Materia general
Temática (materia general) DEFENSA PERSONAL
942 ## - Punto de acceso adicional KOHA
Tipo de ítem KOHA Libro
Fuente del sistema de clasificación o colocación Dewey Decimal Classification
Existencias
Signatura completa Código de barras Programa Académico Tipo de ítem
796.815.3 K16k 18897 Temática General Libro